00360 a2200097 4500001001000000005001700010008004100027245003100068100003100099773013200130ART_3957420260410162012.0260409a 10aLa semiótica corporativa1 aMontes Nieto, Laila Magali0 tDocumentos del CIECEgEnsayos sobre investigación del comportamiento de las organizaciones - Nº 5 (jul./dic. 2008)wREV39541